Central Library OPAC University of Rajshahi

Shakespeare's history plays / (Record no. 54641)

MARC details
000 -LEADER
fixed length control field 00682nam a2200229 a 4500
001 - CONTROL NUMBER
control field 54641
003 - CONTROL NUMBER IDENTIFIER
rucl marc code BD-RjUL
005 - DATE AND TIME OF LATEST TRANSACTION
control field 20211209080141.0
008 - FIXED-LENGTH DATA ELEMENTS--GENERAL INFORMATION
fixed length control field 161108s19511944enk||||| |||| 001 0 eng d
035 ## - SYSTEM CONTROL NUMBER
System control number (BD-RjUL) 54763
040 ## - CATALOGING SOURCE
Modifying agency BD-RjUL
Original cataloging agency BD-RjUL
Language of cataloging eng
Transcribing agency BD-RjUL
041 ## - LANGUAGE CODE
Language code of text/sound track or separate title eng
082 ## - DEWEY DECIMAL CLASSIFICATION NUMBER
Edition number 23
Classification number 822.33
Author mark and year TIS 1951
100 1# - MAIN ENTRY--PERSONAL NAME
Personal name Ronald, E. M. W.
Dates associated with a name 1889-1962.
9 (RLIN) 141401
245 10 - TITLE STATEMENT
Title Shakespeare's history plays /
Statement of responsibility, etc. E.M.W. Roanld
246 ## - VARYING FORM OF TITLE
Remainder of title 2nd ed.
260 ## - PUBLICATION, DISTRIBUTION, ETC. (IMPRINT)
Place of publication, distribution, etc. London :
Name of publisher, distributor, etc. Chatto and Windus
Date of publication, distribution, etc. 1951 [impression 1951].
300 ## - PHYSICAL DESCRIPTION
Pagination viii, 456 p. ;
Size 22 cm.
500 ## - GENERAL NOTE
General note Includes index
600 10 - SUBJECT ADDED ENTRY--PERSONAL NAME
Personal name Shakespeare, William
Dates associated with a name 1564-1616
General subdivision Histories.
942 ## - ADDED ENTRY ELEMENTS (KOHA)
Source of classification or shelving scheme Dewey Decimal Classification
Koha item type Books
Holdings
Lost status Source of classification or shelving scheme Damaged status Not for loan Collection code Permanent Location Current Location Shelving location Date acquired Source of acquisition Cost, normal purchase price Total Checkouts Full call number Date last seen Copy number Koha item type
  Dewey Decimal Classification     Non-fiction Central Library, University of Rajshahi Central Library, University of Rajshahi   07/02/1955 U.B.D. Rajshahi 0.00   822.33 TIS 1951 08/11/2016 C-2 Books
  Dewey Decimal Classification     Non-fiction Central Library, University of Rajshahi Central Library, University of Rajshahi   02/03/1955 O.U.P 0.00   822.33 TIS 1951 20/11/2016 C-3 Books